000 00395nam a2200157 i 4500
001 44328
003 ES-MaACL
005 20230906161014.0
007 t|
008 030321s1968 sp ||||1| spa d
100 1 _aClara, Jorge.
_938988
245 1 0 _aMenos uno /
_cJorge Clara.
260 _aBarcelona :
_bTaber,
_c[1968]
300 _a350 p. ;
_c21 cm.
852 _aES-MaACL
_jC-35017
_bR.67675
999 _c44328
_d44328